[Event "Arab Clubs-chT"]
[Site "Marrakesh"]
[Date "2016.12.02"]
[Round "1"]
[White "Khader, Sami"]
[Black "Mahmoud, Abdelrahman"]
[Result "1/2-1/2"]
[WhiteElo "2390"]
[BlackElo "2040"]
[PlyCount "71"]
[EventDate "2016.12.02"]
[EventType "team-tourn"]
[EventRounds "7"]
[EventCountry "MAR"]
[SourceTitle "CBM 176 Extra"]
[Source "ChessBase"]
[SourceDate "2017.03.02"]
[SourceVersion "1"]
[SourceVersionDate "2017.03.02"]
[SourceQuality "1"]
[WhiteTeam "Jordan Arena"]
[BlackTeam "Alamana"]
[WhiteTeamCountry "JOR"]
[BlackTeamCountry "JOR"]

1. Nf3 d5 2. c4 e6 3. g3 Nf6 4. Bg2 Be7 5. 0-0 0-0 6. d4 c6 7. Nc3 Nbd7 8. b3 Qa5 9. Qc2 dxc4 10. bxc4 e5 11. e3 exd4 12. exd4 Nb6 13. Ne5 Ng4 14. Re1 Bf6 15. Bd2 Bxe5 16. Nd5 Qa6 17. Nxb6 Bxd4 18. Nxa8 Bxf2+ 19. Kh1 Bd4 20. h3 Nf2+ 21. Kh2 Bxa1 22. Rxa1 Bxh3 23. Bxh3 Nxh3 24. Kxh3 Rxa8 25. Re1 Qa3 26. Bf4 h6 27. c5 b6 28. Re3 Qa5 29. Bd6 bxc5 30. Bxc5 Rd8 31. Re7 Qb5 32. Qf5 Qc4 33. Rxa7 Re8 34. Ra3 g6 35. Qf2 Qc1 36. Ra5 1/2-1/2

[Event "Arab Cities-chT"]
[Site "Monastir"]
[Date "2015.11.12"]
[Round "5"]
[White "Mahmoud, Abdelrahman"]
[Black "Meddeb, Anis"]
[Result "1/2-1/2"]
[WhiteElo "2073"]
[BlackElo "2175"]
[PlyCount "72"]
[EventDate "2015.11.07"]
[EventType "team-tourn"]
[EventRounds "7"]
[EventCountry "TUN"]
[SourceTitle "CBM 170 Extra"]
[Source "ChessBase"]
[SourceDate "2016.02.25"]
[SourceVersion "1"]
[SourceVersionDate "2016.02.25"]
[SourceQuality "1"]
[WhiteTeam "Amman"]
[BlackTeam "Menzel Temime"]
[WhiteTeamCountry "JOR"]
[BlackTeamCountry "TUN"]

1. d4 Nf6 2. c4 g6 3. Nc3 Bg7 4. e4 d6 5. f3 c6 6. Be3 0-0 7. Qd2 e5 8. Nge2 Be6 9. 0-0-0 Qa5 10. d5 cxd5 11. cxd5 Bd7 12. Kb1 Na6 13. Nc1 Nc5 14. Nd3 Nxd3 15. Bxd3 Rfb8 16. Nb5 Qxd2 17. Rxd2 Bxb5 18. Bxb5 a6 19. Bd3 Rc8 20. Rc1 Rxc1+ 21. Kxc1 Rc8+ 22. Rc2 Rxc2+ 23. Kxc2 Nd7 24. Kc3 f5 25. b4 Bf6 26. a4 fxe4 27. fxe4 Bd8 28. a5 Kf7 29. Kb3 g5 30. Ka4 h5 31. b5 axb5+ 32. Bxb5 Nb8 33. Be2 Kg6 34. Ba7 Na6 35. Kb5 g4 36. Bb6 Bg5 1/2-1/2

[Event "Arab Clubs-chT"]
[Site "Agadir"]
[Date "2015.10.15"]
[Round "4.1"]
[White "Alshourfaa, Hazaa"]
[Black "Mahmoud, Abdelrahman"]
[Result "0-1"]
[WhiteElo "1709"]
[BlackElo "2068"]
[PlyCount "88"]
[EventDate "2015.10.13"]
[EventType "team-swiss"]
[EventRounds "9"]
[EventCountry "MAR"]
[SourceTitle "CBM 170 Extra"]
[Source "ChessBase"]
[SourceDate "2016.02.25"]
[SourceVersion "1"]
[SourceVersionDate "2016.02.25"]
[SourceQuality "1"]
[WhiteTeam "Kuwait Club"]
[BlackTeam "Amanat Amman"]
[WhiteTeamCountry "KUW"]
[BlackTeamCountry "JOR"]

1. e4 e5 2. Nc3 Nc6 3. Bc4 Nf6 4. d3 Be7 5. Nge2 Na5 6. 0-0 Nxc4 7. dxc4 0-0 8. Re1 Re8 9. b3 c6 10. a4 a5 11. Bb2 Bc5 12. h3 Qb6 13. Rf1 d6 14. Qd3 Be6 15. Ba3 Bxa3 16. Rxa3 Rad8 17. Raa1 d5 18. exd5 cxd5 19. cxd5 Nxd5 20. Qb5 Qxb5 21. Nxb5 Nb4 22. c4 Bf5 23. Nec3 Rd7 24. Nd5 Nxd5 25. cxd5 Bd3 26. Rfd1 Bc2 27. Rdc1 Bxb3 28. d6 Red8 29. Rc7 f6 30. Ra3 Bd5 31. Rac3 Kf7 32. f3 Ke6 33. Kf2 h5 34. Ke3 Bc6 35. R3xc6 bxc6 36. Rxc6 Rxd6 37. Rxd6+ Rxd6 38. Nxd6 Kxd6 39. Ke4 Ke6 40. g4 g6 41. gxh5 gxh5 42. h4 f5+ 43. Kd3 Kd5 44. Ke3 Kc4 0-1

[Event "Arab Clubs-chT"]
[Site "Monastir"]
[Date "2013.11.09"]
[Round "8.1"]
[White "Mahmoud, Abdelrahman"]
[Black "Noah, AH Al Ali"]
[Result "0-1"]
[WhiteElo "2087"]
[BlackElo "2399"]
[PlyCount "29"]
[EventDate "2013.11.04"]
[EventType "team-tourn"]
[EventRounds "9"]
[EventCountry "TUN"]
[SourceTitle "EXT 2014"]
[Source "ChessBase"]
[SourceDate "2013.11.20"]
[SourceVersion "1"]
[SourceVersionDate "2013.11.20"]
[SourceQuality "1"]
[WhiteTeam "Amman"]
[BlackTeam "Ittisalat"]
[WhiteTeamCountry "JOR"]
[BlackTeamCountry "IRQ"]

1. d4 d5 2. c4 dxc4 3. Nf3 Nf6 4. e3 a6 5. a4 e6 6. Bxc4 c5 7. 0-0 Nc6 8. Nc3 Bd6 9. dxc5 Bxc5 10. Qxd8+ Kxd8 11. e4 Ng4 12. Bf4 f6 13. h3 Nge5 14. Nxe5 Nxe5 15. Be2 0-1

[Event "Arab Clubs-chT"]
[Site "Monastir"]
[Date "2013.11.08"]
[Round "7.1"]
[White "Mahmoud, Abdelrahman"]
[Black "Elblezi, Giuma"]
[Result "1/2-1/2"]
[WhiteElo "2087"]
[BlackElo "2103"]
[PlyCount "34"]
[EventDate "2013.11.04"]
[EventType "team-tourn"]
[EventRounds "9"]
[EventCountry "TUN"]
[SourceTitle "EXT 2014"]
[Source "ChessBase"]
[SourceDate "2013.11.20"]
[SourceVersion "1"]
[SourceVersionDate "2013.11.20"]
[SourceQuality "1"]
[WhiteTeam "Amman"]
[BlackTeam "Al Ahli"]
[WhiteTeamCountry "JOR"]
[BlackTeamCountry "LBY"]

1. d4 Nf6 2. c4 e5 3. dxe5 Ng4 4. Nf3 Bc5 5. e3 Nc6 6. a3 a5 7. Be2 Ngxe5 8. Nc3 0-0 9. b3 Re8 10. 0-0 Nxf3+ 11. Bxf3 Ne5 12. Be2 Bf8 13. Bb2 d6 14. f4 Nc6 15. Qd2 Ne7 16. Rad1 c6 17. Qd3 d5 1/2-1/2

[Event "Arab Clubs-chT"]
[Site "Monastir"]
[Date "2013.11.07"]
[Round "5.1"]
[White "Mahmoud, Abdelrahman"]
[Black "Arab, Adlane"]
[Result "1/2-1/2"]
[WhiteElo "2087"]
[BlackElo "2432"]
[PlyCount "74"]
[EventDate "2013.11.04"]
[EventType "team-tourn"]
[EventRounds "9"]
[EventCountry "TUN"]
[SourceTitle "EXT 2014"]
[Source "ChessBase"]
[SourceDate "2013.11.20"]
[SourceVersion "1"]
[SourceVersionDate "2013.11.20"]
[SourceQuality "1"]
[WhiteTeam "Amman"]
[BlackTeam "ASSN"]
[WhiteTeamCountry "JOR"]
[BlackTeamCountry "ALG"]

1. d4 Nf6 2. Nf3 e6 3. c4 b6 4. g3 Ba6 5. Qa4 c6 6. Nc3 b5 7. cxb5 cxb5 8. Nxb5 Qb6 9. e3 Bb7 10. Be2 Bc6 11. Qb3 Qb7 12. e4 a6 13. Nc3 Qxb3 14. axb3 Nxe4 15. 0-0 Bb4 16. Na4 Bb5 17. Bc4 Nc6 18. Nb6 Rb8 19. Bxb5 axb5 20. d5 Na5 21. Be3 Ke7 22. Ne5 Rb7 23. Rfd1 Nxb3 24. dxe6 Kxe6 25. Nd3 Bd2 26. Ra6 Bxe3 27. Nc4+ Bb6 28. Nf4+ Kf5 29. Rd5+ Kf6 30. Nxb6 d6 31. Rxb5 Nec5 32. Nbd5+ Ke5 33. Rxb7 Nxb7 34. Ra7 N3c5 35. Ne3 g5 36. Ne2 Rb8 37. b4 Nd3 1/2-1/2

[Event "Arab Clubs-chT"]
[Site "Monastir"]
[Date "2013.11.04"]
[Round "1.1"]
[White "Mahmoud, Abdelrahman"]
[Black "Amin, Bassem"]
[Result "0-1"]
[WhiteElo "2087"]
[BlackElo "2652"]
[PlyCount "88"]
[EventDate "2013.11.04"]
[EventType "team-tourn"]
[EventRounds "9"]
[EventCountry "TUN"]
[SourceTitle "EXT 2014"]
[Source "ChessBase"]
[SourceDate "2013.11.20"]
[SourceVersion "1"]
[SourceVersionDate "2013.11.20"]
[SourceQuality "1"]
[WhiteTeam "Amman"]
[BlackTeam "Sharkia Dokhan"]
[WhiteTeamCountry "JOR"]
[BlackTeamCountry "EGY"]

1. d4 Nf6 2. c4 c5 3. Nf3 cxd4 4. Nxd4 e5 5. Nc2 b5 6. Nc3 bxc4 7. e4 Bb7 8. Bg5 Bc5 9. Bxc4 Qb6 10. 0-0 Nxe4 11. Nxe4 Bxe4 12. Bd5 Bxd5 13. Qxd5 Nc6 14. Rad1 0-0 15. Qxd7 Rac8 16. b3 Nd4 17. Nxd4 Bxd4 18. Rc1 Rxc1 19. Bxc1 Qc5 20. Bg5 f6 21. Rc1 Bxf2+ 22. Kf1 Qb6 23. Bh6 gxh6 24. Rc7 Qa6+ 25. Kxf2 Qxa2+ 26. Ke1 Qb1+ 27. Kf2 Qg6 28. Rxa7 h5 29. b4 Qf7 30. Qa4 Qd5 31. Rd7 Ra8 32. Rxd5 Rxa4 33. Rb5 Kf7 34. Rb7+ Kg6 35. h4 h6 36. g3 Kf5 37. Rh7 Rxb4 38. Rxh6 Rb2+ 39. Ke3 Rb3+ 40. Kf2 e4 41. Rxh5+ Kg4 42. Rh6 Rf3+ 43. Ke2 Kxg3 44. h5 f5 0-1

[Event "JOR-ch"]
[Site "Amman"]
[Date "2009.05.08"]
[Round "8"]
[White "Mahmoud, Abdelrahman"]
[Black "Al Jada, Ghaleb"]
[Result "0-1"]
[WhiteElo "2134"]
[BlackElo "2054"]
[PlyCount "104"]
[EventDate "2009.04.09"]
[EventType "swiss"]
[EventRounds "9"]
[EventCountry "JOR"]
[SourceTitle "CBM 130 Extra"]
[Source "ChessBase"]
[SourceDate "2009.07.02"]
[SourceVersion "2"]
[SourceVersionDate "2009.07.15"]
[SourceQuality "1"]

1. d4 Nf6 2. c4 e6 3. Nf3 c5 4. e3 cxd4 5. exd4 Bb4+ 6. Bd2 Bxd2+ 7. Nbxd2 0-0 8. Bd3 d5 9. 0-0 Nc6 10. Rc1 Qd6 11. Re1 h6 12. g3 Rd8 13. c5 Qe7 14. a3 a5 15. Qc2 Nd7 16. Qc3 a4 17. Bb5 Qf6 18. Qe3 g5 19. h3 Qg7 20. Nb1 Ra5 21. Nc3 Nxc5 22. Bxc6 bxc6 23. Ne5 Ra6 24. dxc5 f6 25. Qd4 fxe5 26. Rxe5 Rf8 27. Rce1 Ra7 28. Nxa4 Raf7 29. R1e2 Ba6 30. Rd2 Qg6 31. Nc3 Rf5 32. b4 Qf6 33. Rxf5 Qxf5 34. g4 Qf3 35. b5 Bxb5 36. Nxb5 cxb5 37. c6 Qxa3 38. c7 Qc1+ 39. Kg2 Qxc7 40. Qd3 Qf7 41. Re2 b4 42. Qe3 Qf6 43. Qxe6+ Qxe6 44. Rxe6 Rb8 45. Re2 b3 46. Rb2 Kf7 47. Kf3 Ke6 48. Ke3 Ke5 49. Kd3 d4 50. Ke2 Ke4 51. Kd2 Kf3 52. Kd3 Rb4 0-1

[Event "Amman tt"]
[Site "Amman"]
[Date "2008.06.24"]
[Round "5"]
[White "Abdulwahhab, Ahmed Abdulsattar"]
[Black "Mahmoud, Abdelrahman"]
[Result "0-1"]
[WhiteElo "2243"]
[BlackElo "2119"]
[PlyCount "115"]
[EventDate "2008.06.21"]
[EventType "team-tourn"]
[EventRounds "8"]
[EventCountry "JOR"]
[SourceTitle "CBM 125 Extra"]
[Source "ChessBase"]
[SourceDate "2008.09.01"]
[SourceVersion "1"]
[SourceVersionDate "2008.09.01"]
[SourceQuality "1"]

1. e4 e6 2. d4 d5 3. Nc3 Bb4 4. e5 c5 5. a3 Ba5 6. b4 cxb4 7. Nb5 Nc6 8. Nf3 f6 9. axb4 Bxb4+ 10. c3 Be7 11. Bd3 Kf8 12. 0-0 Bd7 13. Ba3 Bxa3 14. Rxa3 Nh6 15. Qa1 Qb8 16. Re1 Nf7 17. exf6 gxf6 18. c4 Nb4 19. Bb1 dxc4 20. Qc3 Nd5 21. Qxc4 a6 22. Qc5+ Kg7 23. Ne5 axb5 24. Rg3+ Ng5 25. Nxd7 Qf4 26. Nb6 Rae8 27. h4 Qxh4 28. Qxb5 Qxd4 29. Nxd5 Qxd5 30. Qb2 e5 31. Ba2 Qd6 32. Qxb7+ Re7 33. Qe4 Rb8 34. Bb1 Kh8 35. Qf5 Qe6 36. Qc2 Rc8 37. Qb2 Qd6 38. Rd3 Qc7 39. Red1 Kg7 40. Rd6 Qc3 41. Qb6 e4 42. Kh1 Qe5 43. Re1 Qf4 44. Qd4 Rc1 45. Rxc1 Qxc1+ 46. Kh2 Qf4+ 47. Kg1 Nf7 48. Rb6 Rc7 49. f3 Rc1+ 50. Kf2 e3+ 51. Qxe3 Rf1+ 52. Kxf1 Qxe3 53. Rb7 Qc1+ 54. Kf2 Qd2+ 55. Kg1 h5 56. Be4 h4 57. Kh2 f5 58. Bb1 0-1

[Event "Amman tt"]
[Site "Amman"]
[Date "2008.06.23"]
[Round "4"]
[White "Mahmoud, Abdelrahman"]
[Black "Maasarani, Mahmoud"]
[Result "1/2-1/2"]
[WhiteElo "2119"]
[BlackElo "2143"]
[PlyCount "42"]
[EventDate "2008.06.21"]
[EventType "team-tourn"]
[EventRounds "8"]
[EventCountry "JOR"]
[SourceTitle "CBM 125 Extra"]
[Source "ChessBase"]
[SourceDate "2008.09.01"]
[SourceVersion "1"]
[SourceVersionDate "2008.09.01"]
[SourceQuality "1"]

1. d4 Nf6 2. c4 c5 3. e3 cxd4 4. exd4 g6 5. Nf3 Bg7 6. Be2 0-0 7. Nc3 d6 8. 0-0 Bf5 9. d5 Na6 10. Nd4 Bd7 11. Be3 Nc5 12. b4 Nce4 13. Nxe4 Nxe4 14. Qd3 Nf6 15. f3 a6 16. Rac1 e6 17. dxe6 fxe6 18. Nb3 e5 19. Nc5 Bc6 20. b5 d5 21. cxd5 axb5 1/2-1/2

[Event "Arab-ch League 4th"]
[Site "Doha"]
[Date "2002.03.10"]
[Round "9"]
[White "Mahmoud, Abdelrahman"]
[Black "Belkhodja, Slim"]
[Result "0-1"]
[WhiteElo "2166"]
[BlackElo "2506"]
[PlyCount "108"]
[EventDate "2002.03.02"]
[EventType "team-tourn"]
[EventRounds "11"]
[EventCountry "QAT"]
[SourceTitle "CBM 087 Extra"]
[Source "ChessBase"]
[SourceDate "2002.05.03"]
[SourceVersion "2"]
[SourceVersionDate "2002.08.09"]
[SourceQuality "1"]

1. d4 Nf6 2. Nf3 g6 3. c4 Bg7 4. Nc3 0-0 5. e4 d6 6. Be2 e5 7. dxe5 dxe5 8. Bg5 Nbd7 9. Qd2 c6 10. 0-0-0 Qc7 11. Qd6 Qxd6 12. Rxd6 h6 13. Bh4 Re8 14. Rhd1 g5 15. Bg3 Bf8 16. R6d2 Bb4 17. Ne1 Nf8 18. f3 Nh5 19. Bf2 Bxc3 20. bxc3 Nf4 21. Bf1 Be6 22. g3 N4g6 23. Nc2 f6 24. Ne3 Ne7 25. c5 b5 26. Kb2 Kf7 27. Rd6 Rec8 28. Bd3 a5 29. Bc2 a4 30. a3 Rc7 31. Bb1 Nc8 32. Rd8 Rd7 33. Ba2 Rxd1 34. Rxd1 Bxa2 35. Kxa2 Ne7 36. Rd6 h5 37. Nf5 Rc8 38. Kb2 Nxf5 39. exf5 Ke7 40. Kc2 g4 41. Kd3 Rd8 42. Rxd8 Kxd8 43. Ke4 Nd7 44. f4 Ke7 45. Kd3 exf4 46. gxf4 Nb8 47. Kd4 Na6 48. Be1 Nc7 49. c4 bxc4 50. Kxc4 Nd5 51. Bg3 Ne3+ 52. Kd3 Nxf5 53. Bf2 h4 54. Kc4 h3 0-1

[Event "Arab-ch League 4th"]
[Site "Doha"]
[Date "2002.03.08"]
[Round "7"]
[White "Mahmoud, Abdelrahman"]
[Black "Ali, Ghazi Al Saadi"]
[Result "1/2-1/2"]
[WhiteElo "2166"]
[BlackElo "2304"]
[PlyCount "35"]
[EventDate "2002.03.02"]
[EventType "team-tourn"]
[EventRounds "11"]
[EventCountry "QAT"]
[SourceTitle "CBM 087 Extra"]
[Source "ChessBase"]
[SourceDate "2002.05.03"]
[SourceVersion "2"]
[SourceVersionDate "2002.08.09"]
[SourceQuality "1"]

1. d4 Nf6 2. c4 c5 3. e3 g6 4. Nf3 Bg7 5. Nc3 0-0 6. Be2 cxd4 7. exd4 d5 8. 0-0 Nc6 9. Ne5 dxc4 10. Nxc6 bxc6 11. Bxc4 Qd6 12. h3 Rd8 13. Be3 Nd5 14. Rc1 Nb6 15. Bb3 Bf5 16. Qf3 Nd5 17. Nxd5 cxd5 18. Bf4 1/2-1/2

[Event "Arab-ch League 4th"]
[Site "Doha"]
[Date "2002.03.02"]
[Round "1"]
[White "Mahmoud, Abdelrahman"]
[Black "Kayumov, Dimitry"]
[Result "0-1"]
[WhiteElo "2166"]
[BlackElo "2460"]
[PlyCount "60"]
[EventDate "2002.03.02"]
[EventType "team-tourn"]
[EventRounds "11"]
[EventCountry "QAT"]
[SourceTitle "CBM 087 Extra"]
[Source "ChessBase"]
[SourceDate "2002.05.03"]
[SourceVersion "2"]
[SourceVersionDate "2002.08.09"]
[SourceQuality "1"]

1. d4 Nf6 2. c4 e6 3. Nf3 b6 4. Bg5 Bb7 5. e3 Be7 6. Nc3 h6 7. Bh4 0-0 8. Be2 c5 9. 0-0 cxd4 10. exd4 d5 11. Ne5 dxc4 12. Bf3 Nd5 13. Bxe7 Qxe7 14. Nxc4 Nxc3 15. bxc3 Bxf3 16. Qxf3 Nd7 17. Rfe1 Rac8 18. Ne3 Nf6 19. c4 Qa3 20. Qf4 Rfd8 21. Qe5 Qb2 22. Rad1 Rd7 23. Kf1 Qxa2 24. f4 Qa6 25. Kg1 Qb7 26. f5 Re8 27. Qg3 Rde7 28. fxe6 Rxe6 29. d5 Re5 30. Ng4 Nxg4 0-1

[Event "Asia Cities-ch 13th"]
[Site "Aden"]
[Date "2002.02.13"]
[Round "8"]
[White "Chuah, Jin Jonathan Hai"]
[Black "Mahmoud, Abdelrahman"]
[Result "1-0"]
[WhiteElo "2224"]
[BlackElo "2166"]
[PlyCount "93"]
[EventDate "2002.02.07"]
[EventType "team-swiss"]
[EventRounds "9"]
[EventCountry "YEM"]
[SourceTitle "EXT 2020"]
[Source "ChessBase"]
[SourceDate "2019.10.17"]
[SourceVersion "1"]
[SourceVersionDate "2019.10.17"]
[SourceQuality "1"]
[WhiteTeam "Kuala Lumpur"]
[BlackTeam "Amman"]
[WhiteTeamCountry "MAS"]
[BlackTeamCountry "JOR"]

1. e4 e5 2. Nf3 Nf6 3. Nc3 Nc6 4. Bb5 Bb4 5. 0-0 0-0 6. d3 d6 7. Bg5 Bxc3 8. bxc3 h6 9. Bc1 Ne7 10. Re1 c6 11. Bc4 Ng6 12. d4 Qc7 13. Bd3 Be6 14. c4 Bg4 15. c3 Qa5 16. Bb2 Nf4 17. d5 c5 18. Bf1 a6 19. a4 Qc7 20. h3 Bd7 21. Kh2 Rfb8 22. Bc1 Ng6 23. Qb3 b6 24. Bd3 Ra7 25. Re2 Rab7 26. Rb1 Nh5 27. Reb2 Ngf4 28. Bf1 f5 29. exf5 Bxf5 30. Ra1 Bd3 31. Qd1 Bxf1 32. Qxf1 Rf8 33. Be3 e4 34. Nd2 Nd3 35. Rb3 Qe7 36. Qe2 Qe5+ 37. Kg1 Nhf4 38. Bxf4 Rxf4 39. Rf1 Rbf7 40. f3 e3 41. Qxd3 exd2 42. Rxb6 Rxf3 43. Rxf3 Rxf3 44. Qxf3 Qe1+ 45. Kh2 d1Q 46. Rb8+ Kh7 47. Qf5+ 1-0

[Event "Asia Cities-ch 13th"]
[Site "Aden"]
[Date "2002.02.10"]
[Round "5"]
[White "Mahmoud, Abdelrahman"]
[Black "Vivek Kumar, Shukla"]
[Result "0-1"]
[WhiteElo "2166"]
[BlackElo "2287"]
[PlyCount "52"]
[EventDate "2002.02.07"]
[EventType "team-swiss"]
[EventRounds "9"]
[EventCountry "YEM"]
[SourceTitle "EXT 2020"]
[Source "ChessBase"]
[SourceDate "2019.10.17"]
[SourceVersion "1"]
[SourceVersionDate "2019.10.17"]
[SourceQuality "1"]
[WhiteTeam "Amman"]
[BlackTeam "Lucknow"]
[WhiteTeamCountry "JOR"]
[BlackTeamCountry "IND"]

1. d4 g6 2. c4 Bg7 3. Nc3 d6 4. e4 Nf6 5. Bd3 0-0 6. Nge2 Nc6 7. d5 Ne5 8. 0-0 e6 9. f4 Nxd3 10. Qxd3 exd5 11. cxd5 c6 12. dxc6 bxc6 13. Be3 Re8 14. h3 a5 15. Rfe1 Ba6 16. Qc2 Nxe4 17. Nxe4 d5 18. N2g3 dxe4 19. Qxc6 Qc8 20. Qb6 Rb8 21. Rac1 Rxb6 22. Rxc8 Rxc8 23. Bxb6 f5 24. Rd1 Bxb2 25. Bxa5 Bd3 26. Bb6 Bc1 0-1